000 00514nam a2200193 a 4500
001 1769942616181
003 YourLibrary
005 20260201163956.0
008 260201s1999##################000#0#eng##
020 _a9781853836480
082 0 4 _a305.26091724
_bRAN
100 1 _aRandel, Judith,
_eauthor.
245 1 0 _aThe Ageing and Development Report :
260 _bRoutledge,
_c1999.
300 _a228 pages
650 0 _aBusiness & Economics.
942 _cENGLISH
040 _aYourLibrary
_beng
_cYourLibrary
999 _c609861
_d609861